Supply Chain Disruptions and Impact on Global Inflation /

Supply chain disruptions emerge as a significant driver of global inflation, particularly in the aftermath of pandemics, geopolitical tensions, and climate-related events. These disruptions, ranging from factory shutdowns and shipping delays to shortages of raw materials and labor, have strained the...

Full description

Bibliographic Details
Other Authors: Bukhari, Syed Danish, 1986- (Editor), Zafar, Irfan, 1967- (Editor)
Format: eBook
Language:English
Published: Hershey, PA : IGI Global Scientific Publishing, [2025]
Subjects:

MARC

Tag First Indicator Second Indicator Subfields
LEADER 00000cam a2200000Mi 4500
001 in00005658613
006 m o d
007 cr cnu---unuuu
008 250609s2025 pau o 000 0 eng d
005 20250810211329.1
035 |a (OCoLC)on1522970939 
040 |a UKKRT  |b eng  |e rda  |c UKKRT  |d YDX  |d OCLCO  |d EBLCP  |d IGIGL 
020 |a 9798337319841 (electronic bk.) 
035 |a (OCoLC)1522970939 
050 4 |a HG229  |b .S87 2025 
082 0 4 |a 332.4/14  |2 23/eng/20250612 
245 0 0 |a Supply Chain Disruptions and Impact on Global Inflation /  |c [edited by] Syed Danish Bukhari, Irfan Zafar. 
264 1 |a Hershey, PA :  |b IGI Global Scientific Publishing,  |c [2025] 
300 |a 1 online resource 
336 |a text  |b txt  |2 rdacontent 
337 |a computer  |b c  |2 rdamedia 
338 |a online resource  |b cr  |2 rdacarrier 
588 |a Description based on online resource; title from digital title page (viewed on June 12, 2025). 
505 0 |a Title Page -- Copyright Page -- Table of Contents -- Detailed Table of Contents -- Preface -- Chapter 1: The Pandemic COVID-19 Case -- Chapter 2: Geopolitical Tensions, Trade War, and Sanctions -- Chapter 3: Energy Market Shocks -- Chapter 4: Consumer Behavior and Demand Shocks -- Chapter 5: Logistics Bottlenecks -- Chapter 6: Role of Technological Innovation in Supply Chain -- Chapter 7: Green and Costly Decarbonizing Supply Chains in an Inflationary Era -- Chapter 8: The Rise of Circular Supply Chains -- Chapter 9: Economic Nationalism and De-Globalization 
505 8 |a Chapter 10: Preparing for the Next Disruption -- Compilation of References -- About the Contributors -- Index 
520 |a Supply chain disruptions emerge as a significant driver of global inflation, particularly in the aftermath of pandemics, geopolitical tensions, and climate-related events. These disruptions, ranging from factory shutdowns and shipping delays to shortages of raw materials and labor, have strained the flow of goods and services across international markets. As supply disruptions limit the availability of products, costs rise throughout the production and distrib. 
650 0 |a Inflation (Finance) 
650 0 |a Business cycles. 
650 0 |a Economic lag. 
650 0 |a Supply and demand. 
650 0 |a Supply chain management. 
650 6 |a Inflation. 
650 6 |a Cycles économiques. 
650 6 |a Retard économique. 
650 6 |a Offre et demande. 
655 0 |a Electronic books. 
700 1 |a Bukhari, Syed Danish,  |d 1986-  |e editor. 
700 1 |a Zafar, Irfan,  |d 1967-  |e editor. 
852 8 |b POD  |z This title is available for the library to purchase for your use. Click the "Purchase It For Me" button to place a request. This item will take 5-10 business days to arrive. 
955 |a Ebook POD title 
961 |m 565731 
999 f f |s 3a18a313-f8c2-491a-b171-ff87bdf10e83  |i 7192e695-2df3-4dca-9cea-d546ddb84a84  |t 0 
952 f f |a Texas A&M University  |b College Station  |c Sterling C. Evans Library  |d Purchase on Demand  |t 0  |e HG229 .S87 2025  |h Library of Congress classification 
998 f f |a HG229 .S87 2025  |t 0  |l Purchase on Demand